000 01073nam a22002657a 4500
001 79544
003 BD-RjUL
005 20220425133109.0
008 220310s1995 bg a|||| m||| 00| 0 eng d
035 _a(BD-RjUL)79544
040 _aBD-RjUL
_beng
_cBD-RjUL
_dBD-RjUL
041 _aeng
082 _223
_a338.95492
_bISR 1995
100 _aIslam, Md. Shariful
_91825
245 1 0 _aThe Role of donor agencies in the formulation of industrial policy in Bangladesh /
_csubmitted by Md. Shariful Islam ;
_6Supervisor : A. T. M. Obaidullah ; Co-Supervisor : Ahsanul Habib
260 _aRajshahi :
_bDepartment of Public Administration, The University of Rajshahi,
_c1995
300 _aVarious paging :
_bill, ;
_c29.cm.
502 _aThesis (M. Phil.) -- Department of Public Administration, The University of Rajshahi, 1995
504 _aBibliography : Leaves 1 -9
600 _z
_92754
650 _aIndustrial policy
_zBangladesh
_91826
700 _aObaidullah, A. T. M. , Supervisor
_91827
700 _aHabib, Ahsanul, Co-Supervisor
_91828
942 _2ddc
_cTHE
999 _c79544
_d79544